La erección de la Colegiata de San Juan de los Lagos-Jalisco (Record no. 59123)

MARC details
000 -LEADER
campo de control de longitud fija 00576nam a2200157 i 4500
001 - NÚMERO DE CONTROL
campo de control 59123
003 - IDENTIFICADOR DE NÚMERO DE CONTROL
campo de control ES-MaACL
007 - CAMPO FIJO DE DESCRIPCIÓN FÍSICA--INFORMACIÓN GENERAL
campo de control de longitud fija t|
008 - DATOS DE LONGITUD FIJA--INFORMACIÓN GENERAL
campo de control de longitud fija 031027s1925 mx ||||1| spa d
100 1# - ENTRADA PRINCIPAL--NOMBRE DE PERSONA
Nombre de persona Elguero, Francisco.
9 (RLIN) 46946
245 13 - MENCIÓN DEL TÍTULO
Título La erección de la Colegiata de San Juan de los Lagos-Jalisco
Resto del título : apuntaciones históricas /
Mención de responsabilidad, etc. por Francisco Elguero ; publicase la obra con notas y documentos inéditos por Luis P. Romo.
260 ## - PUBLICACIÓN, DISTRIBUCIÓN, ETC.
Lugar de publicación, distribución, etc. México :
Nombre del editor, distribuidor, etc. [s.n.,
Fecha de publicación, distribución, etc. 1925] (
Fabricante Imp. Murgia)
300 ## - DESCRIPCIÓN FÍSICA
Extensión XII, 475 p. ;
Dimensiones 23 cm.
700 1# - ENTRADA AGREGADA--NOMBRE PERSONAL
Nombre de persona Romo, Luis P.
9 (RLIN) 99479
852 ## - LOCALIZACIÓN
Ubicación ES-MaACL
Número de control de estantería G-575
Holdings
Estatus retirado Estado de pérdida Estado de daño No para préstamo Biblioteca de origen Biblioteca actual Ubicación en estantería Fecha de adquisición Fuente de adquisición Total de préstamos Signatura topográfica completa Código de barras Visto por última vez Precio de reemplazo Tipo de ítem Koha
        Biblioteca del Ateneo de Madrid Biblioteca del Ateneo de Madrid Depósito 2 17/01/2008     G-575 1062020 23/02/2023 23/02/2023 Libro impreso